Creator of Words! II Quiz Stats

 Plays Quiz Updated Sep 6, 2014

Support Sporcle.
Go Orange.
Score 0/26 Timer 05:00
1 Play Today
% Correct
FR
91.5%
CH
89.4%
GL
89.3%
IS
88.5%
OP
88%
HU
87.6%
MU
87.4%
AF
83.7%
TW
80.5%
DI
80.1%
JO
79.7%
US
79.1%
NE
77.3%
% Correct
VI
75.5%
EA
74.1%
BU
73%
QU
71.6%
LA
70.9%
ZE
70.4%
WH
69.1%
RI
68.7%
YE
65.6%
KV
61.4%
SY
60.3%
PS
52.7%
XY
51.2%

You're not logged in!

Compare scores with friends on all Sporcle quizzes.
OR
Log In
Forgot?

From the Vault

History by Numbers

by hscer

History might have been much different if they spent a little more time on their math homework.
Remove Ads.
Support Sporcle.
Get the best of Sporcle when you Go Orange. This ad-free experience offers more features, more stats, and more fun while also helping to support Sporcle. Thank you for becoming a member.

Show Comments

Extras

Top Quizzes Today


Score Distribution

Your Account Isn't Verified!

In order to create a playlist on Sporcle, you need to verify the email address you used during registration. Go to your Sporcle Settings to finish the process.

Report this User

Report this user for behavior that violates our Community Guidelines.

Details: